Normal view
MARC view
Entry Personal Name
001 - CONTROL NUMBER
- control field: 8048
003 - CONTROL NUMBER IDENTIFIER
- control field: ARRUPE
005 - DATE AND TIME OF LATEST TRANSACTION
- control field: 20140205164732.0
008 - FIXED-LENGTH DATA ELEMENTS
- fixed length control field: 140205|| aca||aabn | a|a d
040 ## - CATALOGING SOURCE
- Original cataloging agency: ARRUPE
- Transcribing agency: ARRUPE
100 ## - HEADING--PERSONAL NAME
- Personal name: Prof. T.O. Ranger
670 ## - SOURCE DATA FOUND
- Source citation: Work cat.: (ARRUPE): Prof. T.O. Ranger, Religion and Democracy in Africa, 2000